Ginecologia en esquemas (Registro nro. 2932)

Detalles MARC
000 -LEADER
fixed length control field 00246nam a22000977a 4500
008 - FIXED-LENGTH DATA ELEMENTS--GENERAL INFORMATION
fixed length control field 190425e1990 Ag ||||| |||| 00| 0 spa d
100 ## - MAIN ENTRY--PERSONAL NAME
Personal name Comparato, Mario
245 ## - TITLE STATEMENT
Title Ginecologia en esquemas
260 ## - PUBLICATION, DISTRIBUTION, ETC. (IMPRINT)
Place of publication, distribution, etc Buenos Aires
Name of publisher, distributor, etc El Ateneo
Date of publication, distribution, etc 1990
500 ## - GENERAL NOTE
Materials specified Baja

No hay ítems disponibles.


UNIVERSIDAD NACIONAL DEL COMAHUE
Biblioteca de la Facultad de Ciencias Médicas
Sede Toschi: Los Arrayanes y Av. Toschi, Cipolletti  - Rio Negro
Sede Los Tordos:  Yrigoyen al 2211, Cipolletti - Rio Negro 

Teléfono: 0299 - 4774707 int 25
Contacto: biblioteca@facimed.uncoma.edu.ar
© 2011 - 2026